000 00415nam a2200181Ia 4500
001 4050
005 20260306145727.0
008 260306t2005||||xx |||||||||||||| ||spa||
041 _aESP
082 _a306.85
_bH12 Nº 4
100 _aFerrer, Eusebio
_eAUT
245 0 _aExigir para educar
260 _c2005
300 _a281 páginas :
_c19 cm.
650 _aGEN
654 _aCED
942 _cLIB
_dJUS
_fJUS
_2ddc
_n
999 _c4050
_d4050